Embroidery Stitches Step by Step (Record no. 12824)

MARC details
000 -LEADER
fixed length control field 00406nam a22001697a 4500
003 - CONTROL NUMBER IDENTIFIER
control field OSt
008 - FIXED-LENGTH DATA ELEMENTS--GENERAL INFORMATION
fixed length control field 240816b |||||||| |||| 00| 0 eng d
020 ## - INTERNATIONAL STANDARD BOOK NUMBER
International Standard Book Number 9780241593257
082 ## - DEWEY DECIMAL CLASSIFICATION NUMBER
Classification number 746.44 GAE
100 ## - MAIN ENTRY--PERSONAL NAME
Personal name GANDERTON, Lucinda
245 ## - TITLE STATEMENT
Title Embroidery Stitches Step by Step
250 ## - EDITION STATEMENT
Edition statement 1st. ed.
260 ## - PUBLICATION, DISTRIBUTION, ETC. (IMPRINT)
Place of publication, distribution, etc London,
Name of publisher, distributor, etc DK Publishers,
Date of publication, distribution, etc 2022,
300 ## - PHYSICAL DESCRIPTION
Extent 159 p.
650 ## - SUBJECT ADDED ENTRY--TOPICAL TERM
Topical term or geographic name as entry element BFAD
942 ## - ADDED ENTRY ELEMENTS (KOHA)
Source of classification or shelving scheme Dewey Decimal Classification
Koha item type Reference Books
Holdings
Withdrawn status Lost status Source of classification or shelving scheme Damaged status Not for loan Collection code Home library Current library Date acquired Source of acquisition Currency Cost, normal purchase price Bill Number Total Checkouts Full call number Acc. no. / Barcode Date last seen Actual Cost, discounted price Bill Date Koha item type Date last borrowed
    Dewey Decimal Classification     Bachelor of Fashion and Apparel Design PIET NCR College Library PIET NCR College Library 12/08/2024 Zafaa Books & Distributers £ Pound 1680.38 ZBD0135   746.44 GAE N3735 16/08/2024 1260.28 12/08/2024 Reference Books  
    Dewey Decimal Classification     Bachelor of Fashion and Apparel Design PIET NCR College Library PIET NCR College Library 24/08/2024 Zafaa Books & Distributers £ Pound 1680.38 ZBD0154 2 746.44 GAE N3745 09/01/2026 1260.28 24/08/2024 Text Books 20/08/2025

Design & Developed by: PIET Central Library
R70 Miles Stone Pattikalyana Samalkha Panipat 132102
mail ID :- [email protected], Phone No:- 0180-2569700 Ex.216